• 首页
  • 本馆介绍
  • 公告通知
  • 最新文献
  • 馆藏检索
  • 电子资源
  • 读者导购
  • 参考咨询
  • 我的图书馆
  • 登录
  • 详细信息显示
  • 放入我的书架
  • 预约/预借图书
  • 作者相关作品
  • 分类相关作品
  • 丛书相关作品
  • 出版社相关作品

书目信息

  • 表格格式
  • 工作单格式
  • 卡片格式
题名:
中国哲学通史
    
 
作者: 郭齐勇 主编 ;胡治洪, 著
分册:   现代卷
出版信息: 南京   江苏人民出版社  2021.12
页数: 738页
开本: 23cm
丛书名:
单 册:
中图分类: B2 , B26
科图分类:
主题词: 哲学史--zhe xue shi--中国 , 哲学史--zhe xue shi--中国--现代
电子资源:
ISBN: 978-7-214-26019-2
000 01262nam 2200325 450
001 CAL 0120227346359
005 20230217093112.0
010    @a978-7-214-26019-2@b精装@dCNY178.00
100    @a20220223d2021 em y0chiy0120 ea
101 0  @achi
102    @aCN@b320000
105    @ay a 000yy
106    @ar
200 1  @a中国哲学通史@Azhong guo zhe xue tong shi@d= A history of Chinese philosophy@e学术版@i现代卷@f郭齐勇主编@g胡治洪著@zeng
210    @a南京@c江苏人民出版社@d2021.12
215    @a738页@d23cm
300    @a国家出版基金项目
314    @a胡治洪, 1954年生, 哲学家博士, 武汉大学中国传统文化研究中心教授。
320    @a有书目
330    @a本书共八章, 主要讨论了中国现代哲学的起源与发展, 从发端到起步, 从低潮到巨澜, 从返本与开新到独立的哲思。内容有: 传统思想框架中的西学成分: 现代哲学的发端 ; 中西新旧的杂糅: 现代哲学的起步 ; 中西学术的界分与参较: 现代哲学的初成等。
510 1  @aHistory of Chinese philosophy@zeng
517 1  @a现代卷@Axian dai juan
606 0  @a哲学史@Azhe xue shi@y中国
606 0  @a哲学史@Azhe xue shi@y中国@z现代
690    @aB2@v5
690    @aB26@v5
701  0 @a郭齐勇@Aguo qi yong@4主编
702  0 @a胡治洪,@Ahu zhi hong@f1954-@4著
801  0 @aCN@bBJXHZP@c20230222
905    @b1378987-8@dB2@e239@f2
    
    中国哲学通史= A history of Chinese philosophy:学术版.现代卷/郭齐勇主编/胡治洪著.-南京:江苏人民出版社,2021.12
    738页;23cm
    国家出版基金项目
    
    ISBN 978-7-214-26019-2(精装):CNY178.00
    本书共八章, 主要讨论了中国现代哲学的起源与发展, 从发端到起步, 从低潮到巨澜, 从返本与开新到独立的哲思。内容有: 传统思想框架中的西学成分: 现代哲学的发端 ; 中西新旧的杂糅: 现代哲学的起步 ; 中西学术的界分与参较: 现代哲学的初成等。
●
相关链接 在E读中查询图书 在五车中查询图书 在当当中查询图书 在豆瓣中查询图书


正题名:中国哲学通史     索取号:B2/239         预约/预借

序号 登录号 条形码 馆藏地/架位号 状态 备注
1 1378987   213789872   第一样本阅览室/ [索取号:B2/239] 在馆    
2 1378988   213789881   第一借阅区/ [索取号:B2/239] 已借出,限还日期为2024.05.01
借出人:郑玄芳  
 
唐山师范学院图书馆 欢迎您!
大连网信软件有限公司© 版权所有